Insider / (Record no. 104343)

MARC details
000 -LEADER
fixed length control field 00486nam a22001817a 4500
005 - DATE AND TIME OF LATEST TRANSACTION
control field 20161206103645.0
010 ## - LCCN (DPL NO)
LC control number ENG-116337
020 ## - INTERNATIONAL STANDARD BOOK NUMBER
International Standard Book Number 9789351950318
Terms of availability 350.00
035 ## - SYSTEM CONTROL NUMBER
System control number EN-99869
037 ## - SOURCE OF ACQUISITION
Source of stock number/acquisition DBAD/PUB
082 ## - DEWEY DECIMAL CLASSIFICATION NUMBER
Classification number N
100 ## - MAIN ENTRY--PERSONAL NAME
Personal name Raman,R.V.
245 ## - TITLE STATEMENT
Title Insider /
Statement of responsibility, etc by R.V. Ramn
260 ## - PUBLICATION, DISTRIBUTION, ETC. (IMPRINT)
Place of publication, distribution, etc Gurgaon
Name of publisher, distributor, etc Hachette Book Publishing
Date of publication, distribution, etc 2016
270 ## - ADDRESS
Address \4th/5th Floor, Corporete Center,Sector 44
City Gugaon
Postal code 122003
300 ## - PHYSICAL DESCRIPTION
Extent 347p.
Dimensions 20cm(pbk)
942 ## - ADDED ENTRY ELEMENTS (KOHA)
Source of classification or shelving scheme Dewey Decimal Classification
Item type English Books
Classification part N
Call number suffix RAM
Holdings
Withdrawn status Lost status Not for loan Collection code Home library Current library Date acquired Source of acquisition Cost, normal purchase price Full call number Barcode Copy number Cost, replacement price Koha item type
      Fiction Narela Narela 27/10/2016 DBAD/PUB 350.00 N RAM EN-99869 1 350.00 English Books

© Delhi Public Library
Hit Counter
free hit counter